00474nam a2200169Ia 450000500170000000800410001704000190005804100120007708200130008910000140010224500810011626000310019730000150022865000280024370000230027185000100029420230201144250.0131103s9999 xx 000 0 und d aLoreto College aEnglish a882bEUR aEuripides 4aThe AlcestiscEuripides; translated with explanatory notes by Gilbert Murray aLondonbGeorge Allenc1952 axvi,84 p.  aEuripides,480 - 406 B.C aMurray,Gilbert,tr. aLCLIB